Pokémon - Les attaques de Mucuscule - Statistiques

Statistiques générales
  • Ce quiz a été pris 11 fois
  • Le résultat moyen est 9 sur 12
Statistiques - réponses
Niveaux Types Noms des attaques % Correct
Départ Normal Charge
100%
Niveau 30 Eau Danse Pluie
100%
Niveau 35 Dragon Draco-Choc
100%
Niveau 10 Dragon Draco-Souffle
100%
Niveau 5 Eau Pistolet à O
100%
Niveau 41 Spectre Malédiction
86%
Départ Plante Vol-Vie
86%
Niveau 45 Normal Plaquage
71%
Niveau 25 Eau Vibraqua
71%
Niveau 50 Eau Ocroupi
57%
Niveau 20 Normal Gigotage
43%
Niveau 15 Normal Abri
29%
Aucun quiz correspondant
Distribution des résultats
% des personnes avec chaque résultat
Percentile par nombre de réponses
Votre historique - résultats
Vous n’avez pas pris ce quiz